[Event "Ljubljana-chT 75th"]
[Site "Ljubljana"]
[Date "2023.03.09"]
[Round "7.2"]
[White "Magerl, Zan"]
[Black "Lucovnik, Tilen"]
[Result "0-1"]
[WhiteElo "1347"]
[BlackElo "2161"]
[PlyCount "106"]
[EventDate "2023.01.12"]
[EventType "team-swiss"]
[EventRounds "9"]
[EventCountry "SLO"]
[SourceTitle "EXT 2024"]
[Source "ChessBase"]
[SourceDate "2023.10.10"]
[SourceVersion "1"]
[SourceVersionDate "2023.10.10"]
[SourceQuality "1"]
[WhiteTeam "Dol"]
[BlackTeam "Komenda Popotnik"]
[WhiteTeamCountry "SLO"]
[BlackTeamCountry "SLO"]

1. e4 d6 2. d4 Nf6 3. Nc3 e5 4. dxe5 dxe5 5. Qxd8+ Kxd8 6. Bg5 Be6 7. 0-0-0+ Kc8 8. h3 c6 9. Nf3 Nbd7 10. Bd3 Kc7 11. a3 Bd6 12. Rhf1 h6 13. Be3 Nh5 14. Be2 Nf4 15. Bxf4 exf4 16. Nd4 Be5 17. Nxe6+ fxe6 18. Nb1 b5 19. Nd2 Bd4 20. Nf3 Bb6 21. e5 Rhd8 22. h4 Nf8 23. Rxd8 Rxd8 24. g3 fxg3 25. fxg3 Be3+ 26. Kb1 Nd7 27. b4 Rf8 28. Bd3 Nb6 29. Ka2 a6 30. g4 Rf4 31. g5 Nd5 32. gxh6 gxh6 33. h5 Kb6 34. Bg6 Bd4 35. Nh2 Rxf1 36. Nxf1 Bxe5 37. Nd2 Bd4 38. Nf3 c5 39. bxc5+ Kxc5 40. Nd2 Be3 41. Ne4+ Kc4 42. Bf7 Nc7 43. Nd6+ Kc3 44. Kb1 Bc5 45. Ne4+ Kd4 46. Nxc5 Kxc5 47. Kb2 Kd4 48. Kb3 e5 49. c4 e4 50. cxb5 axb5 51. Kc2 Nd5 52. Be8 Nc3 53. Kd2 Nb1+ 0-1

[Event "SLO-chT Central 23rd"]
[Site "Slovenia"]
[Date "2022.11.03"]
[Round "7.1"]
[White "Sedlar, Tomo"]
[Black "Lucovnik, Tilen"]
[Result "0-1"]
[WhiteElo "1831"]
[BlackElo "2120"]
[PlyCount "40"]
[EventDate "2022.09.15"]
[EventType "team-swiss"]
[EventRounds "9"]
[EventCountry "SLO"]
[SourceTitle "EXT 2024"]
[Source "ChessBase"]
[SourceDate "2023.10.10"]
[SourceVersion "1"]
[SourceVersionDate "2023.10.10"]
[SourceQuality "1"]
[WhiteTeam "Menges Trzin"]
[BlackTeam "Komenda Popotnik"]
[WhiteTeamCountry "SLO"]
[BlackTeamCountry "SLO"]

1. d4 e6 2. c4 b6 3. Nc3 Bb4 4. Bf4 Bb7 5. e3 f5 6. Nf3 Nf6 7. Be2 0-0 8. 0-0 Bxc3 9. bxc3 d6 10. Qb3 Qe7 11. h3 Ne4 12. Rfd1 g5 13. Bh2 g4 14. hxg4 fxg4 15. Nd2 Rxf2 16. Nxe4 Rxe2 17. d5 exd5 18. Ng3 Rxg2+ 19. Kh1 Rxg3 20. cxd5 Qe4# 0-1

[Event "SLO-chT1 West"]
[Site "Slovenia"]
[Date "2022.10.22"]
[Round "8.2"]
[White "Lucovnik, Tilen"]
[Black "Justin, Matjaz"]
[Result "1/2-1/2"]
[WhiteElo "2120"]
[BlackElo "2250"]
[PlyCount "97"]
[EventDate "2022.10.07"]
[EventType "team-tourn"]
[EventRounds "9"]
[EventCountry "SLO"]
[SourceTitle "EXT 2024"]
[Source "ChessBase"]
[SourceDate "2023.10.10"]
[SourceVersion "1"]
[SourceVersionDate "2023.10.10"]
[SourceQuality "1"]
[WhiteTeam "Komenda"]
[BlackTeam "Vrhnika"]
[WhiteTeamCountry "SLO"]
[BlackTeamCountry "SLO"]

1. e4 c5 2. c3 d5 3. exd5 Qxd5 4. d4 e6 5. Nf3 Nf6 6. Na3 Nc6 7. Nb5 Qd7 8. dxc5 Bxc5 9. Qxd7+ Kxd7 10. Bf4 Nd5 11. 0-0-0 Ke7 12. Bg3 a6 13. Nbd4 Nxd4 14. Nxd4 Bd7 15. Be2 Ba4 16. Rd2 Rhd8 17. Bf3 Rac8 18. Re1 Bxd4 19. Rxd4 Bc6 20. Red1 Ke8 21. Kc2 f6 22. Bxd5 Rxd5 23. Rxd5 Bxd5 24. f3 Rd8 25. b3 e5 26. c4 Bc6 27. Rxd8+ Kxd8 28. Kd3 g5 29. h4 h6 30. hxg5 hxg5 31. Ke3 Kd7 32. Be1 f5 33. g3 f4+ 34. gxf4 gxf4+ 35. Ke2 Ke6 36. Ba5 Be8 37. Bc7 Bh5 38. Kf2 Bg6 39. b4 Bd3 40. c5 Bb5 41. a3 Kf5 42. Bb8 e4 43. fxe4+ Kxe4 44. Bc7 f3 45. Bb8 Bc6 46. Bc7 Kd4 47. a4 Kc4 48. a5 Kxb4 49. Bb6 1/2-1/2

[Event "SLO-chT1 West"]
[Site "Slovenia"]
[Date "2022.10.14"]
[Round "4.1"]
[White "Lucovnik, Tilen"]
[Black "Drnovsek, Gal"]
[Result "1/2-1/2"]
[WhiteElo "2120"]
[BlackElo "2393"]
[PlyCount "126"]
[EventDate "2022.10.07"]
[EventType "team-tourn"]
[EventRounds "9"]
[EventCountry "SLO"]
[SourceTitle "CBM 210 Extra"]
[Source "ChessBase"]
[SourceDate "2022.11.30"]
[SourceVersion "1"]
[SourceVersionDate "2022.11.30"]
[SourceQuality "1"]
[WhiteTeam "Komenda"]
[BlackTeam "Kranj Tomo Zupan"]
[WhiteTeamCountry "SLO"]
[BlackTeamCountry "SLO"]

1. e4 c5 2. Nf3 d6 3. Bb5+ Nd7 4. d4 cxd4 5. Qxd4 a6 6. Bxd7+ Bxd7 7. c4 e5 8. Qd3 h6 9. Nc3 Nf6 10. 0-0 Be7 11. b3 0-0 12. Bb2 b5 13. cxb5 axb5 14. Nd5 Nxd5 15. Qxd5 Rb8 16. Nd2 Qb6 17. Rfc1 Be6 18. Qc6 Qa5 19. Qc3 Qa8 20. Qc6 Rb7 21. a4 bxa4 22. Qxa4 Qb8 23. Bc3 Rc8 24. Ba5 Bg5 25. Rxc8+ Qxc8 26. Nc4 Qc5 27. Bd2 Kh7 28. Bxg5 hxg5 29. h3 Rb4 30. Qa2 Qd4 31. Rc1 Bxc4 32. Rxc4 Qd1+ 33. Kh2 Qxb3 34. Qxb3 Rxb3 35. Rc6 Rd3 36. g4 Kg6 37. Kg2 Kf6 38. Ra6 Ke6 39. Ra8 g6 40. Re8+ Kd7 41. Rh8 Ke7 42. f3 Rc3 43. Rh7 Rc7 44. Rh8 Kd7 45. h4 gxh4 46. Rxh4 Kc6 47. Rh1 Ra7 48. Rc1+ Kd7 49. Kg3 Ra3 50. Kg2 Ke6 51. Rd1 Ra4 52. Kg3 Rd4 53. Rh1 Rd2 54. Rh8 Ra2 55. Rh1 d5 56. exd5+ Kxd5 57. Rd1+ Ke6 58. Rb1 f5 59. Rb6+ Kd5 60. gxf5 gxf5 61. Rb8 e4 62. fxe4+ fxe4 63. Kf4 e3 1/2-1/2

[Event "Ljubljana-chT 74th"]
[Site "Ljubljana"]
[Date "2022.02.03"]
[Round "4.1"]
[White "Jelen, Igor"]
[Black "Lucovnik, Tilen"]
[Result "1/2-1/2"]
[WhiteElo "2322"]
[BlackElo "2115"]
[PlyCount "98"]
[EventDate "2022.01.13"]
[EventType "team-swiss"]
[EventRounds "9"]
[EventCountry "SLO"]
[SourceTitle "EXT 2024"]
[Source "ChessBase"]
[SourceDate "2023.10.10"]
[SourceVersion "1"]
[SourceVersionDate "2023.10.10"]
[SourceQuality "1"]
[WhiteTeam "Ig"]
[BlackTeam "Komenda Popotnik"]
[WhiteTeamCountry "SLO"]
[BlackTeamCountry "SLO"]

1. d4 d5 2. c4 dxc4 3. e3 Nf6 4. Nf3 e6 5. Bxc4 c5 6. 0-0 a6 7. Nbd2 Nc6 8. dxc5 Bxc5 9. a3 0-0 10. b4 Be7 11. Bb2 b5 12. Be2 Qb6 13. Nb3 Bb7 14. Rc1 Rfd8 15. Qc2 Rac8 16. Nc5 a5 17. Nxb7 Qxb7 18. Qb3 axb4 19. axb4 Nxb4 20. Nd4 Qd5 21. Qxd5 Nfxd5 22. Bxb5 Bf6 23. Ba1 Na2 24. Rxc8 Rxc8 25. Ba6 Rc1 26. Rxc1 Nxc1 27. Kf1 Na2 28. Bc4 Nab4 29. e4 Nc7 30. f4 Nc6 31. e5 Nxd4 32. Bxd4 Be7 33. g4 g6 34. Ke2 Ne8 35. Kd3 Ng7 36. Ke4 h5 37. h3 hxg4 38. hxg4 Ba3 39. Be3 Bb4 40. Bb5 Ba3 41. Bb6 Bb4 42. Bc7 Ba3 43. Bd6 Bc1 44. Bb4 Kh7 45. Kf3 Kg8 46. Ba4 Kh7 47. Be7 Kg8 48. Bg5 Ba3 49. Kg3 Bb4 1/2-1/2

[Event "SLO-chT Central 21st"]
[Site "Slovenia"]
[Date "2020.09.17"]
[Round "1.2"]
[White "Lucovnik, Tilen"]
[Black "Perme, Martin"]
[Result "1-0"]
[WhiteElo "2094"]
[BlackElo "1534"]
[PlyCount "77"]
[EventDate "2020.09.17"]
[EventType "team-swiss"]
[EventRounds "5"]
[EventCountry "SLO"]
[SourceTitle "EXT 2024"]
[Source "ChessBase"]
[SourceDate "2023.10.10"]
[SourceVersion "1"]
[SourceVersionDate "2023.10.10"]
[SourceQuality "1"]
[WhiteTeam "Komenda Popotnik"]
[BlackTeam "Komenda Pogi"]
[WhiteTeamCountry "SLO"]
[BlackTeamCountry "SLO"]

1. e4 c5 2. Nf3 d6 3. Bb5+ Nc6 4. 0-0 a6 5. Bxc6+ bxc6 6. b3 Nf6 7. Qe2 g6 8. e5 Nd5 9. exd6 Qxd6 10. Bb2 Nf6 11. Na3 Bg7 12. Rfe1 Bg4 13. Nc4 Qc7 14. Be5 Qa7 15. h3 Be6 16. Ng5 Bxc4 17. Qxc4 0-0 18. Rad1 Rad8 19. Bxf6 Bxf6 20. Ne4 Rd5 21. Nxf6+ exf6 22. Re3 Rfd8 23. d3 Rd4 24. Qc3 Kg7 25. Rde1 R4d7 26. Re4 Rd5 27. Re7 Qb6 28. R1e4 Rf5 29. Qc4 Rfd5 30. a4 a5 31. Qc3 Rf5 32. Qe1 Rd4 33. Rxd4 cxd4 34. Qe6 Qc5 35. Qxf7+ Kh6 36. Qxh7+ Kg5 37. Re4 Rf4 38. h4+ Kf5 39. Qd7# 1-0

[Event "Ljubljana-chT 73rd"]
[Site "Ljubljana"]
[Date "2020.03.05"]
[Round "6.1"]
[White "Plaskan, Jure"]
[Black "Lucovnik, Tilen"]
[Result "1-0"]
[WhiteElo "2212"]
[BlackElo "2086"]
[PlyCount "165"]
[EventDate "2020.01.16"]
[EventType "team-swiss"]
[EventRounds "6"]
[EventCountry "SLO"]
[SourceTitle "EXT 2024"]
[Source "ChessBase"]
[SourceDate "2023.10.10"]
[SourceVersion "1"]
[SourceVersionDate "2023.10.10"]
[SourceQuality "1"]
[WhiteTeam "Domzale Tajfun"]
[BlackTeam "Komenda Popotnik"]
[WhiteTeamCountry "SLO"]
[BlackTeamCountry "SLO"]

1. e4 d6 2. d4 Nf6 3. Nc3 e5 4. Nf3 Nbd7 5. Bc4 Be7 6. 0-0 0-0 7. Re1 c6 8. a4 a5 9. Bb3 exd4 10. Nxd4 Nc5 11. Ba2 Ng4 12. Bf4 Bf6 13. Qd2 Ne5 14. Rad1 Qb6 15. Nde2 Rd8 16. Qe3 Be6 17. Bxe6 fxe6 18. b3 Nf7 19. Qg3 Be5 20. Rd2 Qc7 21. Qe3 Qe7 22. Bxe5 dxe5 23. Red1 Rxd2 24. Rxd2 Rd8 25. f3 Rxd2 26. Qxd2 h6 27. Nd1 Qd6 28. Qe1 b5 29. Ne3 bxa4 30. Nc4 Qc7 31. bxa4 Nxa4 32. Qxa5 Qxa5 33. Nxa5 Nd8 34. Nc4 Nf7 35. Nc1 Nc5 36. Na2 Na6 37. Kf2 Kf8 38. Ke3 Ke7 39. Nc1 Nc5 40. Kd2 h5 41. Kc3 g5 42. Kb4 Nd7 43. Nd3 g4 44. fxg4 hxg4 45. Nf2 Nf6 46. Kc5 Kd7 47. Kb6 Ng5 48. Nxe5+ Kd6 49. Nc4+ Kd7 50. e5 g3 51. hxg3 Nh5 52. Nd3 Nxg3 53. Nc5+ Ke7 54. Kxc6 Nf5 55. c3 Ng3 56. Ne3 Ne2 57. c4 Nf4 58. g3 Ne2 59. g4 Nd4+ 60. Kb7 Nf7 61. Nd3 Kd7 62. c5 Nc6 63. Nc4 Ncd8+ 64. Kb6 Nc6 65. Nd6 Ng5 66. Kb5 Nd4+ 67. Kc4 Nc6 68. Kc3 Nf3 69. Nc4 Kc7 70. Kc2 Ncd4+ 71. Kc3 Nc6 72. Nf4 Ncxe5 73. Nxe5 Nxe5 74. g5 Kc6 75. Nd3 Ng6 76. Kd4 Kc7 77. Ke4 Kb7 78. Nf4 Ne7 79. Ke5 Nc6+ 80. Kxe6 Nd4+ 81. Kd7 Nc6 82. g6 Ne5+ 83. Kd6 1-0

[Event "SLO-chT1 West 29th"]
[Site "Slovenia"]
[Date "2019.09.20"]
[Round "1.4"]
[White "Lucovnik, Tilen"]
[Black "Biti, Ozren"]
[Result "1/2-1/2"]
[WhiteElo "2076"]
[BlackElo "2366"]
[PlyCount "65"]
[EventDate "2019.09.20"]
[EventType "team-tourn"]
[EventRounds "9"]
[EventCountry "SLO"]
[SourceTitle "CBM 192 Extra"]
[Source "Chessbase"]
[SourceDate "2019.11.06"]
[SourceVersion "1"]
[SourceVersionDate "2019.11.06"]
[SourceQuality "1"]
[WhiteTeam "Komenda"]
[BlackTeam "Posocje"]
[WhiteTeamCountry "SLO"]
[BlackTeamCountry "SLO"]

1. e4 Nc6 2. Nf3 d6 3. d4 Nf6 4. c3 g6 5. Bd3 Bg7 6. 0-0 e5 7. dxe5 dxe5 8. h3 0-0 9. Be3 h6 10. Bc5 Re8 11. Qc2 Nh5 12. Rd1 Qf6 13. Nbd2 Nf4 14. Bf1 a6 15. Kh2 Bd7 16. Be3 Rad8 17. g3 Ne6 18. Bg2 a5 19. Nf1 Qe7 20. Rd2 Nf8 21. Rad1 Be6 22. Nh4 Rxd2 23. Rxd2 Rd8 24. b3 Ra8 25. Qd3 Rd8 26. Qb5 Bc8 27. Rd5 Ne6 28. Nd2 Nf4 29. Rxd8+ Qxd8 30. Bf1 Ne6 31. Qd5 Qd7 32. Nc4 Bf8 33. Kg2 1/2-1/2

[Event "Schilcherland op 2nd"]
[Site "Deutschlandsberg"]
[Date "2019.01.01"]
[Round "5"]
[White "Mazi, Leon"]
[Black "Lucovnik, Tilen"]
[Result "1-0"]
[WhiteElo "2311"]
[BlackElo "2094"]
[PlyCount "117"]
[EventDate "2018.12.29"]
[EventType "swiss"]
[EventRounds "9"]
[EventCountry "AUT"]
[SourceTitle "CBM 188 Extra"]
[Source "ChessBase"]
[SourceDate "2019.02.26"]
[SourceVersion "1"]
[SourceVersionDate "2019.02.26"]
[SourceQuality "1"]

1. e4 d6 2. d4 Nf6 3. Nc3 e5 4. Nf3 Nbd7 5. Bc4 Be7 6. 0-0 0-0 7. Re1 c6 8. a4 a5 9. b3 exd4 10. Nxd4 Nc5 11. Ba3 Re8 12. e5 dxe5 13. Rxe5 Ncd7 14. Bxe7 Rxe7 15. Rxe7 Qxe7 16. Nf5 Qe5 17. Qd3 Nf8 18. Nd6 Be6 19. Bxe6 Nxe6 20. Nc4 Qg5 21. Rd1 h6 22. Ne4 Nxe4 23. Qxe4 Rd8 24. Rxd8+ Qxd8 25. Qe1 b6 26. h3 c5 27. Qe4 Nd4 28. Qd3 Qf6 29. Kf1 Qf4 30. Ne3 Qe5 31. Qc3 Qe4 32. Ke1 Qe5 33. Qd3 Ne6 34. g3 Qa1+ 35. Kd2 Nd4 36. Qe4 Ne6 37. Nc4 Qf1 38. Qe2 Qxh3 39. Nxb6 Qf5 40. Nc4 Ng5 41. Nxa5 Ne4+ 42. Ke1 Qd5 43. Qd3 Qe5 44. Kf1 Qf5 45. Qe3 Nf6 46. Qe2 Ne4 47. Kg2 Ng5 48. Nc4 Qd5+ 49. f3 Qf5 50. g4 Qf6 51. a5 Ne6 52. Qe5 Qd8 53. Qd6 Qa8 54. a6 Ng5 55. Ne5 f6 56. Nc6 Kf7 57. a7 Kg6 58. Qb8 Qxc6 59. a8Q 1-0

[Event "Schilcherland op 2nd"]
[Site "Deutschlandsberg"]
[Date "2018.12.31"]
[Round "4"]
[White "Lucovnik, Tilen"]
[Black "Polajzer, Danilo"]
[Result "1/2-1/2"]
[WhiteElo "2094"]
[BlackElo "2258"]
[PlyCount "81"]
[EventDate "2018.12.29"]
[EventType "swiss"]
[EventRounds "9"]
[EventCountry "AUT"]
[SourceTitle "CBM 188 Extra"]
[Source "ChessBase"]
[SourceDate "2019.02.26"]
[SourceVersion "1"]
[SourceVersionDate "2019.02.26"]
[SourceQuality "1"]

1. e4 c5 2. c3 Nf6 3. e5 Nd5 4. Bc4 e6 5. d4 cxd4 6. Bxd5 exd5 7. Qxd4 d6 8. Qxd5 Nc6 9. exd6 Bxd6 10. Qe4+ Be6 11. Nf3 h6 12. 0-0 0-0 13. Bf4 Bc5 14. Nbd2 Re8 15. Qc2 Rc8 16. a3 Qf6 17. Bg3 Bf5 18. Qa4 Bd3 19. Rfe1 g5 20. Ne4 Rxe4 21. Rxe4 b5 22. Qa6 Qf5 23. Ree1 h5 24. Nxg5 h4 25. Bxh4 Bb6 26. Qb7 Bc7 27. Nf3 Qd7 28. Rad1 Bxh2+ 29. Kxh2 Qxb7 30. Rxd3 Kg7 31. Bg3 Rd8 32. Rxd8 Nxd8 33. Nd4 Kg6 34. Re5 a6 35. Kg1 Nc6 36. Rd5 Nxd4 37. Rxd4 Qc8 38. a4 Qf5 39. Rd6+ Kg7 40. Rxa6 Qb1+ 41. Kh2 1/2-1/2

[Event "SLO-chT1 West"]
[Site "Slovenia"]
[Date "2018.10.28"]
[Round "9.5"]
[White "Rozic, Adrijan"]
[Black "Lucovnik, Tilen"]
[Result "1/2-1/2"]
[WhiteElo "2040"]
[BlackElo "2085"]
[PlyCount "72"]
[EventDate "2018.09.28"]
[EventType "team-tourn"]
[EventRounds "9"]
[EventCountry "SLO"]
[SourceTitle "CBM 187 Extra"]
[Source "ChessBase"]
[SourceDate "2018.11.04"]
[SourceVersion "1"]
[SourceVersionDate "2018.11.04"]
[SourceQuality "1"]
[WhiteTeam "Ig"]
[BlackTeam "Komenda"]
[WhiteTeamCountry "SLO"]
[BlackTeamCountry "SLO"]

1. d4 d5 2. Nf3 Nf6 3. e3 c5 4. c3 Nc6 5. Bd3 Bg4 6. Nbd2 e6 7. h3 Bh5 8. 0-0 Be7 9. Qe2 0-0 10. dxc5 Bxc5 11. e4 Bb6 12. Re1 Ne5 13. Bb1 dxe4 14. Nxe4 Nxf3+ 15. gxf3 Nxe4 16. Qxe4 Bg6 17. Qg4 Qd6 18. Bxg6 hxg6 19. Bf4 Qc6 20. h4 Rad8 21. h5 gxh5 22. Qxh5 Qc5 23. Qxc5 Bxc5 24. Rad1 Bb6 25. Be3 Bxe3 26. fxe3 f6 27. Kf2 Kf7 28. Ke2 Ke7 29. Rxd8 Rxd8 30. Rh1 Kf7 31. c4 b6 32. b4 e5 33. a3 Ke6 34. Rh7 Kf7 35. Rh1 Ke6 36. Rh7 Kf7 1/2-1/2

[Event "SLO-chT1 West"]
[Site "Slovenia"]
[Date "2018.10.27"]
[Round "8.5"]
[White "Lucovnik, Tilen"]
[Black "Vesel, Mark"]
[Result "1/2-1/2"]
[WhiteElo "2085"]
[BlackElo "2038"]
[PlyCount "77"]
[EventDate "2018.09.28"]
[EventType "team-tourn"]
[EventRounds "9"]
[EventCountry "SLO"]
[SourceTitle "CBM 187 Extra"]
[Source "ChessBase"]
[SourceDate "2018.11.04"]
[SourceVersion "1"]
[SourceVersionDate "2018.11.04"]
[SourceQuality "1"]
[WhiteTeam "Komenda"]
[BlackTeam "Kocevje"]
[WhiteTeamCountry "SLO"]
[BlackTeamCountry "SLO"]

1. e4 c5 2. c3 d5 3. exd5 Qxd5 4. d4 Nf6 5. Nf3 e6 6. Be3 cxd4 7. cxd4 Bb4+ 8. Nc3 Nc6 9. Be2 0-0 10. 0-0 Bxc3 11. bxc3 b6 12. Nd2 Bb7 13. Bf3 Qd7 14. Ne4 Nxe4 15. Bxe4 Ne7 16. f3 Rac8 17. Qd3 Bd5 18. Rfe1 h6 19. Bd2 Bc4 20. Qe3 Nd5 21. Qf2 Qd6 22. Qh4 Qe7 23. Qxe7 Nxe7 24. Kf2 Nd5 25. g4 Rc7 26. h4 Rd8 27. g5 h5 28. g6 f6 29. f4 f5 30. Bxd5 Bxd5 31. Rg1 Bc4 32. Rg5 Rd5 33. Rxh5 Rb5 34. Ke1 Rb2 35. a3 Bd5 36. Rg5 Rc4 37. Rg3 Ra4 38. Re3 Bc4 39. Kd1 1/2-1/2

[Event "SLO-chT1 West"]
[Site "Slovenia"]
[Date "2018.10.26"]
[Round "7.6"]
[White "Lucovnik, Tilen"]
[Black "Urh, Robert"]
[Result "1-0"]
[WhiteElo "2085"]
[BlackElo "1677"]
[PlyCount "87"]
[EventDate "2018.09.28"]
[EventType "team-tourn"]
[EventRounds "9"]
[EventCountry "SLO"]
[SourceTitle "CBM 187 Extra"]
[Source "ChessBase"]
[SourceDate "2018.11.04"]
[SourceVersion "1"]
[SourceVersionDate "2018.11.04"]
[SourceQuality "1"]
[WhiteTeam "Komenda"]
[BlackTeam "Kranj Stari Mayr"]
[WhiteTeamCountry "SLO"]
[BlackTeamCountry "SLO"]

1. e4 c5 2. Nf3 e6 3. d4 cxd4 4. Nxd4 Nc6 5. Nc3 Bb4 6. g3 Nf6 7. Bg2 0-0 8. 0-0 Bxc3 9. bxc3 d5 10. Nxc6 bxc6 11. e5 Nd7 12. Re1 Ba6 13. Qg4 Kh8 14. h4 Qa5 15. Qb4 Qxb4 16. cxb4 Bc4 17. Bd2 Rab8 18. f4 h5 19. Bh3 g6 20. Kf2 c5 21. a3 Kg7 22. Rab1 Rfc8 23. Bg2 Rb6 24. bxc5 Nxc5 25. Rxb6 axb6 26. Bb4 Rc7 27. Ke3 Kf8 28. Bf3 Ke8 29. Ra1 Bb5 30. c3 Kd7 31. Rb1 Bc4 32. Rg1 Ke8 33. g4 hxg4 34. Bxg4 Bb5 35. h5 gxh5 36. Bxh5 Ne4 37. Rg8+ Kd7 38. Bxf7 Rxc3+ 39. Bxc3 Nxc3 40. Rg6 Bc4 41. Rxe6 d4+ 42. Kxd4 Bxe6 43. Bxe6+ Kxe6 44. Kxc3 1-0

[Event "SLO-chT1 West"]
[Site "Slovenia"]
[Date "2018.09.30"]
[Round "3.5"]
[White "Lucovnik, Tilen"]
[Black "Petek, Primoz"]
[Result "1-0"]
[WhiteElo "2085"]
[BlackElo "2088"]
[PlyCount "89"]
[EventDate "2018.09.28"]
[EventType "team-tourn"]
[EventRounds "9"]
[EventCountry "SLO"]
[SourceTitle "CBM 187 Extra"]
[Source "ChessBase"]
[SourceDate "2018.11.04"]
[SourceVersion "1"]
[SourceVersionDate "2018.11.04"]
[SourceQuality "1"]
[WhiteTeam "Komenda"]
[BlackTeam "Gorenjka Lesce"]
[WhiteTeamCountry "SLO"]
[BlackTeamCountry "SLO"]

1. e4 Nc6 2. Nf3 Nf6 3. Nc3 d5 4. e5 d4 5. exf6 dxc3 6. bxc3 exf6 7. d4 Bd6 8. Bd3 0-0 9. 0-0 Ne7 10. Nd2 c6 11. Ne4 Bc7 12. Qh5 f5 13. Ng5 h6 14. Nf3 Nd5 15. g3 Nxc3 16. Re1 Qf6 17. Ba3 Bd6 18. Bxd6 Qxd6 19. Bxf5 Bxf5 20. Qxf5 Rad8 21. Re3 Nd5 22. Re2 Qa3 23. Rb1 Rd6 24. Ne5 Qxa2 25. Rxb7 Rf6 26. Qd3 Qa1+ 27. Kg2 Rd8 28. Ng4 Rg6 29. Qf5 Qxd4 30. Qxf7+ Kh7 31. Ne5 Rdd6 32. Rb8 Nf4+ 33. Kf3 Qd5+ 34. Qxd5 Nxd5 35. Nxg6 Kxg6 36. Ra8 Nc3 37. Re7 Nb5 38. c4 Nd4+ 39. Kg2 Nf5 40. Re2 Rd7 41. Re6+ Kg5 42. Rxc6 Rd2 43. Rxa7 Ne3+ 44. Kf3 Rd1 45. Ra5+ 1-0

[Event "Pardubice Czech op-B 29th"]
[Site "Pardubice"]
[Date "2018.07.28"]
[Round "9"]
[White "Usacheva, Glafira"]
[Black "Lucovnik, Tilen"]
[Result "1/2-1/2"]
[WhiteElo "1904"]
[BlackElo "2077"]
[PlyCount "60"]
[EventDate "2018.07.20"]
[EventType "swiss"]
[EventRounds "9"]
[EventCountry "CZE"]
[SourceTitle "CBM 186 Extra"]
[Source "ChessBase"]
[SourceDate "2018.08.24"]
[SourceVersion "1"]
[SourceVersionDate "2018.08.24"]
[SourceQuality "1"]

1. e4 d6 2. d4 Nf6 3. Nc3 e5 4. Nf3 Nbd7 5. Bc4 Be7 6. 0-0 0-0 7. h3 c6 8. dxe5 Nxe5 9. Nxe5 dxe5 10. Bb3 b6 11. Be3 Ba6 12. Re1 Bb4 13. Bg5 Qxd1 14. Raxd1 Rfd8 15. Bxf6 gxf6 16. a3 Bf8 17. Ba4 Bb7 18. Ne2 Bh6 19. Ng3 Bd2 20. Re2 Bf4 21. Ree1 Bxg3 22. fxg3 c5 23. Bb3 Rac8 24. Bd5 Ba6 25. c4 Kf8 26. Rf1 Ke7 27. Rc1 Rg8 28. Rf3 Rg6 29. Rc2 Rc7 30. Rcf2 Bc8 1/2-1/2

[Event "Pardubice Czech op-B 29th"]
[Site "Pardubice"]
[Date "2018.07.23"]
[Round "4"]
[White "Lucovnik, Tilen"]
[Black "Vlkova, Anezka"]
[Result "1-0"]
[WhiteElo "2077"]
[BlackElo "1889"]
[PlyCount "87"]
[EventDate "2018.07.20"]
[EventType "swiss"]
[EventRounds "9"]
[EventCountry "CZE"]
[SourceTitle "CBM 186 Extra"]
[Source "ChessBase"]
[SourceDate "2018.08.24"]
[SourceVersion "1"]
[SourceVersionDate "2018.08.24"]
[SourceQuality "1"]

1. e4 c5 2. c3 d5 3. exd5 Qxd5 4. d4 g6 5. Be3 cxd4 6. Qxd4 Nf6 7. Nf3 Nc6 8. Qxd5 Nxd5 9. Bc5 e5 10. Bxf8 Kxf8 11. Nbd2 Kg7 12. 0-0-0 f6 13. Ne4 Nce7 14. Nd6 Rd8 15. Nxc8 Raxc8 16. Rd2 a6 17. g3 b5 18. a3 Nc6 19. Bh3 Rc7 20. Rhd1 Nce7 21. Be6 Rc5 22. Ne1 Rd6 23. Nd3 Rc4 24. Nxe5 Rxe6 25. Nxc4 bxc4 26. Rxd5 Nxd5 27. Rxd5 Kh6 28. Kd1 Rb6 29. Kc1 Re6 30. Kd1 Rb6 31. Rd2 Kg5 32. h3 h5 33. Ke2 f5 34. f4+ Kf6 35. Kf3 Ke6 36. Ke3 Rb8 37. h4 Kf6 38. Rd6+ Kf7 39. Kd4 Rxb2 40. Kxc4 Rg2 41. Rd3 Rb2 42. Re3 Rb1 43. Kd4 Rd1+ 44. Kc5 1-0

[Event "SLO-chT2 West"]
[Site "Komenda"]
[Date "2017.11.12"]
[Round "3.2"]
[White "Lucovnik, Tilen"]
[Black "Pucelj, Joze"]
[Result "1-0"]
[WhiteElo "2081"]
[BlackElo "2092"]
[PlyCount "59"]
[EventDate "2017.11.11"]
[EventType "team-tourn"]
[EventRounds "7"]
[EventCountry "SLO"]
[SourceTitle "EXT 2019"]
[Source "ChessBase"]
[SourceDate "2018.10.10"]
[SourceVersion "1"]
[SourceVersionDate "2018.10.10"]
[SourceQuality "1"]
[WhiteTeam "Komenda"]
[BlackTeam "Dolenjske Toplice"]
[WhiteTeamCountry "SLO"]
[BlackTeamCountry "SLO"]

1. e4 c5 2. Nf3 Nc6 3. c3 e6 4. d4 d5 5. exd5 exd5 6. Be3 Qb6 7. Qb3 c4 8. Qxb6 axb6 9. Nbd2 Bd6 10. g3 Nge7 11. Bg2 Bf5 12. 0-0 0-0 13. Rfe1 Bd3 14. Ne5 Nxe5 15. dxe5 Bc5 16. Bg5 Rad8 17. Nf3 h6 18. Bxe7 Bxe7 19. Nd4 Bc5 20. e6 fxe6 21. Rxe6 Rf6 22. Rae1 Kf7 23. R6e5 Be4 24. Bxe4 dxe4 25. R5xe4 b5 26. a3 b6 27. R1e2 Bxd4 28. Rxd4 Rxd4 29. cxd4 Rf5 30. Re5 1-0

[Event "Ljubljana-chT 70th"]
[Site "Ljubljana"]
[Date "2017.01.26"]
[Round "3.3"]
[White "Jukan, Nesib"]
[Black "Lucovnik, Tilen"]
[Result "1/2-1/2"]
[WhiteElo "2036"]
[BlackElo "2077"]
[PlyCount "32"]
[EventDate "2017.01.12"]
[EventType "team-tourn"]
[EventRounds "9"]
[EventCountry "SLO"]
[SourceTitle "EXT 2019"]
[Source "ChessBase"]
[SourceDate "2018.10.10"]
[SourceVersion "1"]
[SourceVersionDate "2018.10.10"]
[SourceQuality "1"]
[WhiteTeam "Trzin Buscotrade"]
[BlackTeam "Komenda Popotnik"]
[WhiteTeamCountry "SLO"]
[BlackTeamCountry "SLO"]

1. d4 d5 2. Nf3 Nf6 3. Bg5 Ne4 4. Bf4 c5 5. e3 Nc6 6. c3 Qb6 7. Qc1 Bf5 8. Nbd2 cxd4 9. exd4 Rc8 10. Be2 g5 11. Be3 Nb4 12. 0-0 h6 13. Ne5 Bg7 14. Nxe4 Bxe4 15. Bd1 Nd3 16. Nxd3 Bxd3 1/2-1/2

[Event "Ljubljana-chT 70th"]
[Site "Ljubljana"]
[Date "2017.01.12"]
[Round "1.3"]
[White "Bajt, Hana"]
[Black "Lucovnik, Tilen"]
[Result "0-1"]
[WhiteElo "1601"]
[BlackElo "2077"]
[PlyCount "84"]
[EventDate "2017.01.12"]
[EventType "team-tourn"]
[EventRounds "9"]
[EventCountry "SLO"]
[SourceTitle "EXT 2019"]
[Source "ChessBase"]
[SourceDate "2018.10.10"]
[SourceVersion "1"]
[SourceVersionDate "2018.10.10"]
[SourceQuality "1"]
[WhiteTeam "Visnja Gora Sticna"]
[BlackTeam "Komenda Popotnik"]
[WhiteTeamCountry "SLO"]
[BlackTeamCountry "SLO"]

1. e4 d6 2. d4 Nf6 3. Nc3 e5 4. dxe5 dxe5 5. Qxd8+ Kxd8 6. Bg5 Be6 7. 0-0-0+ Kc8 8. f3 c6 9. a3 Nbd7 10. Nge2 Bc5 11. h3 h6 12. Bh4 g5 13. Bg3 Nh5 14. Bh2 Nf4 15. Bg1 Bxg1 16. Rxg1 Kc7 17. g3 Nxh3 18. Bxh3 Bxh3 19. f4 exf4 20. gxf4 Rag8 21. Rg3 Be6 22. f5 Bc4 23. b3 Bxe2 24. Nxe2 Nf6 25. e5 Nd5 26. e6 fxe6 27. fxe6 Re8 28. c4 Rxe6 29. cxd5 Rxe2 30. d6+ Kd7 31. Rf3 Rh7 32. Rdf1 Re8 33. Rf6 g4 34. Rg6 h5 35. Rg5 Re6 36. Rh1 Rxd6 37. Rhxh5 Rxh5 38. Rxh5 Rg6 39. Rh2 g3 40. Rg2 Ke6 41. Kd2 Kf5 42. Ke3 Kg4 0-1